| 000 | 00368nam a22001457a 4500 | ||
|---|---|---|---|
| 003 | MACL | ||
| 005 | 20200702124202.0 | ||
| 008 | 200702b xxu||||| |||| 00| 0 eng d | ||
| 040 | _cMACL | ||
| 100 |
_aGulati, V p _978808 |
||
| 245 | _aTextBook of Political Sociology | ||
| 260 |
_aDelhi _bOmega Pub _c2017 |
||
| 650 |
_aPolitical Science _978809 |
||
| 942 |
_2ddc _cBK |
||
| 999 |
_c62529 _d62529 |
||